Οι εξόριστες /
Μια ξένοιαστη παρέα κοριτσιών νομίζει πως θα περάσει το καλοκαίρι της μόνο με παιχνίδια, όμως οι γονείς τους θα τις στείλουν πακέτο στη γιαγιά τους. Δυστυχώς γι' αυτές δεν υπάρχει τίποτε ενδιαφέρον και αξιοσημείωτο να κάνουν στον πολύ ελεύθερο χρόνο τους. Ασχολούνται με διάφορα βαρετά πράγματα,...
Đã lưu trong:
| Tác giả chính: | |
|---|---|
| Tác giả khác: | |
| Định dạng: | Sách |
| Ngôn ngữ: | Greek English |
| Được phát hành: |
Αθήνα :
Πατάκη,
1997
|
| Loạt: | Σύγχρονη λογοτεχνία για παιδιά και για νέους : Συλλογή περιστέρια ;
60 |
| Những chủ đề: |
| LEADER | 01995namaa2200301 4500 | ||
|---|---|---|---|
| 001 | main_24113 | ||
| 003 | GR-kkKDBK | ||
| 005 | 20210902012438.0 | ||
| 006 | a|||||r||||||||||| | ||
| 008 | 081106s1997uuuugr# |||cr|||| 000|1 gre d | ||
| 020 | |a 960-600-041-9 | ||
| 040 | |a GR-kkKDBK |b gre |d GR-kkKDBK |e AACR2 | ||
| 041 | 1 | |a gre |h eng | |
| 084 | |a ΞΠ | ||
| 100 | 1 | |4 aut |a Mckay, Hilary |9 3801 | |
| 245 | 1 | 3 | |a Οι εξόριστες / |c Χίλαρυ Μακκέυ ; μετάφραση Ρένια Τουρκολιά-Κυδωνιέως ; εξώφυλλο Μαρία Κωνσταντακάκη |
| 260 | |a Αθήνα : |b Πατάκη, |c 1997 | ||
| 300 | |a 260 σ. ; |c 21 εκ. | ||
| 490 | 0 | |a Σύγχρονη λογοτεχνία για παιδιά και για νέους : Συλλογή περιστέρια ; |v 60 | |
| 500 | |a Τίτλος πρωτοτύπου: The exiles | ||
| 520 | |a Μια ξένοιαστη παρέα κοριτσιών νομίζει πως θα περάσει το καλοκαίρι της μόνο με παιχνίδια, όμως οι γονείς τους θα τις στείλουν πακέτο στη γιαγιά τους. Δυστυχώς γι' αυτές δεν υπάρχει τίποτε ενδιαφέρον και αξιοσημείωτο να κάνουν στον πολύ ελεύθερο χρόνο τους. Ασχολούνται με διάφορα βαρετά πράγματα, ώσπου ανακαλύπτουν μια κλειδωμένη πόρτα... | ||
| 650 | 7 | |a Παιδική λογοτεχνία, Αγγλική |9 66790 | |
| 700 | 1 | |4 trl |a Τουρκολιά-Κυδωνιέως, Ρένια |9 47624 | |
| 700 | 1 | |a Mckay, Hilary |t Οι εξόριστες |9 93727 | |
| 710 | 2 | |4 pbl |a Πατάκης |9 26807 | |
| 942 | |c BK | ||
| 999 | |c 24972 |d 24972 | ||
| 952 | |0 0 |1 0 |2 ddc |4 0 |6 ΞΠ_MCK |7 1 |9 36241 |a KDBK |b KDBK |c CS |d 2008-11-06 |e Βιβλιοπωλείο "Τρίγωνο" Μ. Καρακούλα |i 10342008 |l 29 |o ΞΠ MCK |p 10342008 |r 2019-08-28 |s 2019-08-23 |w 2019-04-28 |y BK | ||